A ,Történelem és társadalomismeret' alapműveltségi vizsga történetéhez

Elmentve itt :
Bibliográfiai részletek
Szerző: Csala Istvánné Ranschburg Ágnes
Dokumentumtípus: Cikk
Megjelent: 2000
Sorozat:Iskolakultúra 10 No. 9
Online Access:http://misc.bibl.u-szeged.hu/40217
LEADER 00643nab a2200169 i 4500
001 misc40217
005 20191106140909.0
008 180709s2000 hu o 0|| zxx d
022 |a 1215-5233 
040 |a SZTE Miscellanea Repozitórium  |b hun 
041 |a zxx 
100 2 |a Csala Istvánné Ranschburg Ágnes 
245 1 2 |a A ,Történelem és társadalomismeret' alapműveltségi vizsga történetéhez  |h [elektronikus dokumentum] /  |c  Csala Istvánné Ranschburg Ágnes 
260 |c 2000 
300 |a 36-45 
490 0 |a Iskolakultúra  |v 10 No. 9 
856 4 0 |u http://misc.bibl.u-szeged.hu/40217/1/EPA00011_iskolakultura_2000_09_036-045.pdf  |z Dokumentum-elérés